| 000 | 00963cam a2200265 4500 | ||
|---|---|---|---|
| 001 | WB3637-18 | ||
| 008 | 000000n2000 000 0 eng u | ||
| 035 | _a(Sirsi) u108379 | ||
| 245 | _aWarning over councils' business rates | ||
| 260 | _c2000 | ||
| 490 |
_aFinancial Times _v 20 September 2000, 4(1) |
||
| 490 |
_aTelegraph _v 25 September 2000, 29(2) |
||
| 520 | _aGovernment faces opposition to green paper proposals for local authorities to levy supplementary business rates. Confederation of British Industry and British Chambers of Commerce brand it anti-competitive, and it is also described as a 'stealth tax'. | ||
| 590 | _c2000 | ||
| 650 | _aLOCAL AUTHORITIES | ||
| 650 | _aBUSINESS RATES | ||
| 650 | _aLOCAL GOVERNMENT FINANCE | ||
| 650 | _aLOCAL TAXATION | ||
| 650 | _aSUPPLEMENTARY RATES | ||
| 650 | _aCBI | ||
| 650 | _aBRITISH CHAMBERS OF COMMERCE | ||
| 650 | _aGREEN PAPER | ||
| 690 | _aRATING AND LOCAL TAXATION | ||
| 942 | _n0 | ||
| 999 |
_c64709 _d64709 |
||